Materia orgánica del suelo

Guardado en:
Detalles Bibliográficos
Autor principal: Rivero de Trinca, Carmen (Autor)
Formato: Libro
Lenguaje:español
Publicado: Maracay Universidad Central de Venezuela 1999
Materias:
Etiquetas: Agregar Etiqueta
Sin Etiquetas, Sea el primero en etiquetar este registro!

MARC

LEADER 00000nam a2200000 a 4500
001 UCM7112
003 CL-VaPUC
008 021129e19990000VE |||||||||||||||||spa|d
082 0 4 |a 631.417  |b RIV  |2 21 
100 0 |a Rivero de Trinca, Carmen  |e author  |9 472834 
245 1 0 |a Materia orgánica del suelo 
300 |a 211 p 
942 |c BK 
945 |d 20021129 00:00:00  |a cmena 
260 |a Maracay  |b Universidad Central de Venezuela  |c 1999 
500 |a En: Revista Alcance N§57, junio de 1999 
650 7 |a BIODEGRADACION  |2 CL-VaPUC  |9 323969 
650 7 |a MATERIA ORGANIZA  |2 CL-VaPUC  |9 472835 
650 7 |a COMPUESTOS ORGANICOS  |2 CL-VaPUC  |9 306788 
650 0 |a Química orgánica   |9 259426 
650 7 |a HUMUS  |2 CL-VaPUC  |9 264367 
583 |a last modification  |c 20021129 00:00:00  |k Rodrigo Vera 
999 |c 302143  |d 302141